Normal view
MARC view
Entry Personal Name
001 - CONTROL NUMBER
- control field: 11542
003 - CONTROL NUMBER IDENTIFIER
- control field: OSt
005 - DATE AND TIME OF LATEST TRANSACTION
- control field: 20220918111948.0
008 - FIXED-LENGTH DATA ELEMENTS
- fixed length control field: 220918|| aca||aabn | a|a d
040 ## - CATALOGING SOURCE
- Original cataloging agency: OSt
- Transcribing agency: OSt
100 ## - HEADING--PERSONAL NAME
- Personal name: शुक्ल, देवी प्रसाद; श्रीवास्तव, बृजेन्द्र कुमार
670 ## - SOURCE DATA FOUND
- Source citation: Work cat.: (OSt)117571: शुक्ल, देवी प्रसाद; श्रीवास्तव, बृजेन्द्र कुमार, आधुनिक संविधानो के सिद्धान्त और व्यवहार का तुलनात्मक अध्ययन, 1973
